000 00516nam a2200205Ia 4500
005 20221207150626.0
008 131103s9999 xx 000 0 und d
020 _a416 68520 x
040 _aLoreto College
041 _aEnglish
082 _a821.91
_bMUI
100 _aMuir, Edwin
245 3 _aAn Autobiography
_cEdwin Muir
260 _aLondon
_bMethuen
_c1968
300 _a288p
504 _aIncludes bibliography and index
650 _aMuir, Edwin - Autobiography
850 _aLCLIB
942 _cBK
999 _c21962
_d72441